| 000 | 01086cam a2200289 4500 | ||
|---|---|---|---|
| 001 | 22128 | ||
| 003 | BD-RjUL | ||
| 005 | 20211209000753.0 | ||
| 008 | 140306t19711970ii b 000 0beng d | ||
| 035 | _a(BD-RjUL)22193 | ||
| 040 |
_aDLC _cDLC _dDLC _dBD-RjUL _beng |
||
| 041 | _aeng | ||
| 082 | 0 | 0 |
_a891.4 _bCHR 1971 |
| 100 | 1 |
_aChakravorty, Byomkesh Chandra, _d1912- _968327 |
|
| 245 | 1 | 0 |
_aRabindranath Tagore: his mind and art : _bTagore's contribution to English literature / _cby B. C. Chakravorty. Foreword by K. R. Srinivasa Iyengar. |
| 260 |
_aNew Delhi : _bYoung India Publications, _c c1970 [Reprinted 1971] |
||
| 300 |
_a304 p. ; _c22 cm. |
||
| 350 | _aRs30.00 | ||
| 500 | _aOn label mounted on fly leaf: Distributors: Trimurti Publications, New Delhi. | ||
| 500 | _a"A major portion of [the author's] thesis for Ph.D. is included in this book." | ||
| 504 | _a"Select bibliography": p. [302] | ||
| 600 | 1 | 0 |
_aTagore, Rabindranath, _d1861-1941. _968336 |
| 700 | 1 |
_aLyengar, Srinivasa _968329 |
|
| 942 |
_2ddc _cBK |
||
| 999 |
_c22128 _d22128 |
||